Phương pháp phòng trừ châu chấu
Trình bày về nạn châu chấu, họ châu chấu, họ phụ châu chấu... Đề cập đến họ phụ cào cào nhỏ....
Đã lưu trong:
| Tác giả chính: | |
|---|---|
| Định dạng: | Sách |
| Năm xuất bản: |
H.
Lao động
2006.
|
| Chủ đề: | |
| Tags: |
Thêm thẻ
Không có thẻ, Hãy là người đầu tiên gắn thẻ bản ghi này!
|
| LEADER | 02165nam a2200253 4500 | ||
|---|---|---|---|
| 082 | |a 632.726 |b CH500TH | ||
| 100 | |a Chu Thị Thơm | ||
| 245 | |a Phương pháp phòng trừ châu chấu |c Chu Thị Thơm, Phan Thị Lài, Nguyễn Văn Có biên soạn . | ||
| 260 | |a H. |b Lao động |c 2006. | ||
| 300 | |a 138 tr. |c 19 cm. | ||
| 520 | |a Trình bày về nạn châu chấu, họ châu chấu, họ phụ châu chấu... Đề cập đến họ phụ cào cào nhỏ.... | ||
| 653 | |a Côn trùng gây hại - Phòng trừ | ||
| 942 | |2 ddc |c STK0 | ||
| 999 | |c 6504 |d 6504 | ||
| 952 | |0 0 |1 0 |2 ddc |4 0 |6 632_726000000000000_CH500TH |7 0 |8 600 |9 60214 |a qbu |b qbu |c D3 |d 2015-01-17 |g 14000 |o 632.726 CH500TH |p 6043.c1 |r 0000-00-00 |w 2015-01-17 |y STK0 | ||
| 952 | |0 0 |1 0 |2 ddc |4 0 |6 632_726000000000000_CH500TH |7 0 |8 600 |9 60215 |a qbu |b qbu |c D3 |d 2015-01-17 |g 14000 |o 632.726 CH500TH |p 6043.c2 |r 0000-00-00 |w 2015-01-17 |y STK0 | ||
| 952 | |0 0 |1 0 |2 ddc |4 0 |6 632_726000000000000_CH500TH |7 0 |8 600 |9 60216 |a qbu |b qbu |c D3 |d 2015-01-17 |g 14000 |o 632.726 CH500TH |p 6043.c3 |r 0000-00-00 |w 2015-01-17 |y STK0 | ||
| 952 | |0 0 |1 0 |2 ddc |4 0 |6 632_726000000000000_CH500TH |7 0 |8 600 |9 60217 |a qbu |b qbu |c D3 |d 2015-01-17 |g 14000 |o 632.726 CH500TH |p 6043.c4 |r 0000-00-00 |w 2015-01-17 |y STK0 | ||
| 952 | |0 0 |1 0 |2 ddc |4 0 |6 632_726000000000000_CH500TH |7 0 |8 600 |9 60218 |a qbu |b qbu |c D3 |d 2015-01-17 |g 14000 |o 632.726 CH500TH |p 6043.c5 |r 0000-00-00 |w 2015-01-17 |y STK0 | ||
| 952 | |0 0 |1 0 |2 ddc |4 0 |6 632_726000000000000_CH500TH |7 0 |8 600 |9 60219 |a qbu |b qbu |c D3 |d 2015-01-17 |g 14000 |o 632.726 CH500TH |p 6043.c6 |r 0000-00-00 |w 2015-01-17 |y STK0 | ||
| 952 | |0 0 |1 0 |2 ddc |4 0 |6 632_726000000000000_CH500TH |7 0 |8 600 |9 60220 |a qbu |b qbu |c D3 |d 2015-01-17 |g 14000 |o 632.726 CH500TH |p 6043.c7 |r 0000-00-00 |w 2015-01-17 |y STK0 | ||
| 952 | |0 0 |1 0 |2 ddc |4 0 |6 632_726000000000000_CH500TH |7 0 |8 600 |9 60221 |a qbu |b qbu |c D3 |d 2015-01-17 |g 14000 |o 632.726 CH500TH |p 6043.c8 |r 0000-00-00 |w 2015-01-17 |y STK0 | ||
| 952 | |0 0 |1 0 |2 ddc |4 0 |6 632_726000000000000_CH500TH |7 0 |8 600 |9 60222 |a qbu |b qbu |c D3 |d 2015-01-17 |g 14000 |o 632.726 CH500TH |p 6043.c9 |r 0000-00-00 |w 2015-01-17 |y STK0 | ||
| 952 | |0 0 |1 0 |2 ddc |4 0 |6 632_726000000000000_CH500TH |7 0 |8 600 |9 60223 |a qbu |b qbu |c D3 |d 2015-01-17 |g 14000 |o 632.726 CH500TH |p 6043.c10 |r 0000-00-00 |w 2015-01-17 |y STK0 | ||